Olympialaisten järjestäjäkaupungit kartalla - Statistics

Yleistilastot
  • Tätä visaa on pelattu 59 kertaa
  • Keskiarvotulos 36 / 55
Vastaukset kartalla
Vastauksille on annettu kartalla punavihreä väri sen mukaan, kuinka moni on saanut sen oikein.
 
Vastaustilastot
% Oikein
Ateena
95%
Ateena
95%
Lontoo
93%
Lontoo
93%
Lontoo
93%
Helsinki
91%
Pariisi
91%
Pariisi
91%
Pariisi
91%
Peking
91%
Peking
91%
Tokio
91%
Tokio
91%
México
88%
Moskova
88%
Oslo
88%
Tukholma
88%
Los Angeles
86%
Los Angeles
86%
Rooma
86%
Berliini
84%
Barcelona
79%
Rio de Janeiro
79%
Milano |Cortina d'Ampezzo
77%
Amsterdam
74%
Salt Lake City
74%
Soul
72%
Lillehammer
70%
Sydney
70%
Vancouver
70%
Sarajevo
67%
Melbourne
65%
München
65%
Montreal
58%
Sotši
58%
Antwerpen
56%
Atlanta
56%
Nagano
56%
Torino
56%
Sapporo
53%
Calgary
51%
Cortina d'Ampezzo
40%
Albertville
37%
Innsbruck
37%
Innsbruck
37%
St. Louis
37%
Pyeongchang
30%
Lake Placid
28%
Lake Placid
28%
Garmisch-Partenkirchen
21%
Squaw Valley
21%
Chamonix
16%
Grenoble
16%
Sankt Moritz
9%
Sankt Moritz
9%
Ehtoja vastaavia visoja ei löytynyt
Tulosjakauma
Jokaisen tuloksen saaneiden osuus
Persentiili vastausten määrän mukaan
Tuloshistoriasi
Et ole pelannut tätä visaa